000 01150nam a22003377a 4500
003 CHAP
005 20220329134032.0
008 971013s1983 r 00010 d
010 _a14446
011 _a15418
035 _a19494
040 _cCHAP
090 _aFolleto 8967
100 0 0 _aHernández Gutiérrez, Isidro.
_954102
245 _aEstadísticas historicas de la balanza de pagos, 1940-1980
260 _aMéxico, D.F. :
_bUNAM; Instituto de Investigaciones Económicas,
_c1983
300 _a90 p.
490 _aColección de estadística y documentos
590 _aBATCH-UPD
_b10
_c20130110
_lUCH01
_h0322
590 _aBATCH-UPD
_b10
_c20130110
_lUCH01
_h1615
590 _aBATCH-UPD
_b10
_c20130409
_lUCH01
_h2354
590 _aBATCH-UPD
_b10
_c20130410
_lUCH01
_h1607
590 _aBATCH-UPD
_b10
_c20130914
_lUCH01
_h0527
590 _aBATCH-UPD
_b10
_c20130914
_lUCH01
_h2118
590 _aCONVERSION
_b10
_c20130109
_lUCH01
_h1309
650 1 4 _aBalanza de pagos
_zMéxico.
_99613
830 0 _aColección de estadística y documentos
_924793
901 _aBK
942 _cFOLL
949 _aFolleto 8967
_bBC
_cFOLL
_d-45377
_eTS1
_i19494
_si
999 _c14446
_d14446